| 000 | 00596nam a2200169 a 4500 | ||
|---|---|---|---|
| 001 | 000039825 | ||
| 005 | 20201002033745.0 | ||
| 008 | 130724s2003 dr a 000 0 spa d | ||
| 020 | _a9977661383 | ||
| 040 |
_aDO-SdBNP _bspa _cBNPHU |
||
| 100 | 1 |
_aFlores-Vindas, Eugenia _966016 |
|
| 245 | 1 | 0 |
_aÁrboles del trópico húmedo : _bimportancia socioeconómica / _cEugenia Flores-Vindas, German Obando-Vargas. |
| 260 |
_aCosta Rica : _bTécnologíca de Costa Rica, _c2003. |
||
| 300 |
_a920 p. : _bil., mapas ; _c27 cm. |
||
| 504 | _aBibliografía : p. 899 -920 | ||
| 700 | 1 |
_aObando-Vargas, German _966017 |
|
| 999 |
_c39315 _d39315 |
||